[Event "TIPC 2011"]
[Site "Roux, BEL"]
[Date "2011.07.30"]
[Round "1.1"]
[White "Machiroux, Bruno"]
[Black "Vandevoort, Pascal"]
[Result "0-1"]
[BlackElo "2409"]
[WhiteElo "1795"]

1.d4 Nf6 2.Nf3 c5 3.d5 b5 4.a4 b4 5.c4 d6 6.Nbd2 g6 7.b3 Bg7 8.Bb2 O-O 9.e4 e6
10.Bd3 exd5 11.cxd5 Re8 12.O-O Bg4 13.Qc2 Nbd7 14.Rfe1 Rc8 15.h3 Bxf3 16.Nxf3
Nh5 17.Bxg7 Kxg7 18.Qb2 Kg8 19.g3 Rc7 20.Bb5 Rf8 21.Kg2 f6 22.Nd2 f5 23.Nc4
fxe4 24.Nxd6 Ndf6 25.Nxe4 Nxe4 26.Rxe4 Rcf7 27.Re2 Qg5 28.Bc4 0-1

[Event "TIPC 2011"]
[Site "Roux, BEL"]
[Date "2011.07.30"]
[Round "1.2"]
[White "Laurent, Bruno"]
[Black "Flamant, Jacky"]
[Result "1-0"]
[BlackElo "1794"]
[WhiteElo "2365"]

1.e4 e6 2.d4 d5 3.Nc3 Bb4 4.e5 c5 5.Bd2 cxd4 6.Nb5 Be7 7.Qg4 g6 8.Nf3 Nc6 9.Bd3
h5 10.Qf4 Nh6 11.Nbxd4 Qb6 12.Nb5 Bd7 13.O-O Nf5 14.a4 a5 15.c4 dxc4 16.Bxf5
gxf5 17.Be3 Qd8 18.Rfd1 Nb4 19.Nd6 Bxd6 20.exd6 Nd3 21.Qxc4 Nxb2 22.Qd4 1-0

[Event "TIPC 2011"]
[Site "Roux, BEL"]
[Date "2011.07.30"]
[Round "1.4"]
[White "Le Quang, Kim"]
[Black "Fernandez, Miguel"]
[Result "1-0"]
[BlackElo "1784"]
[WhiteElo "2319"]

1.c4 Nf6 2.g3 g6 3.Bg2 Bg7 4.Nc3 c5 5.e4 Nc6 6.Nge2 O-O 7.O-O d6 8.d3 Bd7 9.h3
a6 10.Be3 Rb8 11.d4 cxd4 12.Nxd4 Nxd4 13.Bxd4 b5 14.cxb5 axb5 15.Re1 Re8 16.e5
dxe5 17.Bxe5 Rb6 18.Qd4 Nh5 19.Nd5 Bxe5 20.Qxb6 Qxb6 21.Nxb6 Bxb2 22.Rab1 Bxh3
23.Rxb2 Be6 24.Nd5 Bxd5 25.Bxd5 Nf6 26.Rxb5 Nxd5 27.Rxd5 Ra8 28.Rxe7 Rxa2 29.
Rdd7 Ra1 30.Kg2 Ra8 31.Rxf7 1-0

[Event "TIPC 2011"]
[Site "Roux, BEL"]
[Date "2011.07.30"]
[Round "1.5"]
[White "Schleck, Victor"]
[Black "Maes, Wim"]
[Result "0-1"]
[BlackElo "2245"]
[WhiteElo "1776"]

1.e4 c5 2.Nf3 e6 3.d4 cxd4 4.Nxd4 Nc6 5.Be3 Qc7 6.Nc3 a6 7.Qd2 Nf6 8.f3 Bb4 9.
a3 Be7 10.Be2 O-O 11.O-O-O b5 12.Nxc6 dxc6 13.Na2 e5 14.Qc3 Be6 15.Kb1 Rfc8 16.
Bc5 a5 17.Nc1 b4 18.axb4 axb4 19.Qxb4 Rcb8 20.Qc3 Bxc5 21.Qxc5 Nd7 22.Qc3 Qa7
23.b3 Qa3 24.Qb2 Qa5 25.Rd6 Qc5 26.Rhd1 Nb6 27.R6d3 Na4 28.Qa1 f6 29.g4 Qe7 30.
Rd6 Bd5 31.R6xd5 cxd5 32.Rxd5 Qb4 33.Na2 Qe1 34.Bd1 Nb6 35.Rd3 Rc8 36.Qb2 Rc7
37.h3 h6 38.Qc1 Rca7 39.Qb2 Rxa2 40.Qxa2 Rxa2 41.Kxa2 Kf7 42.Kb2 Ke7 43.c3 Qf1
44.Bc2 Nd7 45.b4 Nf8 46.Kb3 Ne6 0-1

[Event "TIPC 2011"]
[Site "Roux, BEL"]
[Date "2011.07.30"]
[Round "1.6"]
[White "Van Mechelen, Jan"]
[Black "Braekmans, Geert"]
[Result "1-0"]
[BlackElo "1774"]
[WhiteElo "2242"]

1.e4 e6 2.d4 d5 3.Nc3 Nf6 4.e5 Nfd7 5.f4 c5 6.Nf3 Nc6 7.Be3 Be7 8.Be2 O-O 9.O-O
Nb6 10.dxc5 Nc4 11.Bxc4 dxc4 12.Qe2 Na5 13.Rad1 Qc7 14.Nb5 Qc6 15.Nd6 b5 16.Nd4
Qa6 17.Rf3 Nb7 18.N4xb5 Bxd6 19.Nxd6 Nxd6 20.exd6 Bd7 21.Bd4 f6 22.Rg3 Be8 23.
Qxe6 Bf7 24.Rxg7 Kh8 25.Rxf7 1-0

[Event "TIPC 2011"]
[Site "Roux, BEL"]
[Date "2011.07.30"]
[Round "1.8"]
[White "Sclacmender, Julien"]
[Black "Castiau, Julien"]
[Result "1-0"]
[BlackElo "1758"]
[WhiteElo "2221"]

1.e4 e5 2.Bc4 Nf6 3.d3 Nc6 4.Nf3 d6 5.c3 Be6 6.Nbd2 Be7 7.O-O O-O 8.Re1 Na5 9.
Bb5 Bd7 10.Bxd7 Nxd7 11.Nf1 c5 12.Ng3 Nc6 13.h3 a6 14.Nh2 Nf6 15.Nf5 Qd7 16.Ng4
Qe6 17.Qf3 Nxg4 18.Qxg4 Bf6 19.Bh6 g6 20.Bxf8 Rxf8 21.Ne3 Qxg4 22.hxg4 Ne7 23.
g3 Rd8 24.Nd5 Nxd5 25.exd5 Kf8 26.Kg2 Re8 27.f4 exf4 28.Rxe8 Kxe8 29.gxf4 h6
30.Kf3 Bg7 31.a4 Kd7 32.Ke4 b5 33.axb5 axb5 34.Ra7 Ke8 35.Rb7 b4 36.cxb4 Bxb2
37.bxc5 1-0

[Event "TIPC 2011"]
[Site "Roux, BEL"]
[Date "2011.07.30"]
[Round "1.9"]
[White "Herpigny, Yves"]
[Black "Noiroux, Kevin"]
[Result "0-1"]
[BlackElo "2199"]
[WhiteElo "1758"]

1.e4 d5 2.exd5 Qxd5 3.Nc3 Qa5 4.d4 Nf6 5.Nf3 Bf5 6.Ne5 c6 7.g4 Be6 8.Nc4 Qc7 9.
h3 h5 10.g5 Nd5 11.Ne5 Nd7 12.Nd3 Nxc3 13.bxc3 Bd5 14.Rg1 g6 15.Bf4 Qa5 16.Bd2
Bc4 17.Nc1 Bxf1 18.Kxf1 Qf5 19.Rg3 Bg7 20.Nd3 O-O 21.Rf3 Qa5 22.Qe1 Rae8 23.Bf4
e5 24.dxe5 Nxe5 25.Re3 Nxd3 0-1

[Event "TIPC 2011"]
[Site "Roux, BEL"]
[Date "2011.07.30"]
[Round "1.10"]
[White "Henris, Luc"]
[Black "Glorieux, Leonard"]
[Result "1-0"]
[BlackElo "1758"]
[WhiteElo "2189"]

1.e4 e6 2.d4 b6 3.Nf3 Bb7 4.Bd3 Ne7 5.O-O Ng6 6.Re1 Be7 7.c3 O-O 8.Nbd2 d6 9.
Nf1 Nd7 10.Ng3 a6 11.h3 e5 12.Nf5 Bc8 13.Be3 Bf6 14.Qd2 Re8 15.Nh2 Bb7 16.Ng4
exd4 17.Nxf6 Nxf6 18.Bxd4 c5 19.Bxf6 Qxf6 20.Bc4 Rad8 21.Bd5 Bc8 22.Ne3 Qg5 23.
Kh1 Nf4 24.Rad1 Qh6 25.Nf5 Bxf5 26.exf5 g5 27.fxg6 hxg6 28.Rxe8 Rxe8 29.Bf3 Qh4
30.Bg4 Ne6 31.Kg1 Rd8 32.Bxe6 fxe6 33.Qe2 e5 34.Qxa6 Rf8 35.Qxb6 Qxf2 36.Kh1
Qe2 37.Qxd6 Rf1 38.Rxf1 Qxf1 39.Kh2 Qf4 40.Kg1 Qe3 41.Kf1 Qc1 42.Ke2 Qxb2 43.
Qd2 Qb5 44.Qd3 Qb2 45.Kf3 e4 46.Qxe4 Qxc3 47.Kg4 Qf6 48.Qd5 Kg7 49.Qxc5 Qe6 50.
Kg5 Qf6 51.Kg4 Qe6 52.Kf4 Qf6 53.Kg3 g5 54.Qc7 Kg8 55.a4 Qf5 56.a5 Qf3 1-0

[Event "TIPC 2011"]
[Site "Roux, BEL"]
[Date "2011.07.30"]
[Round "1.11"]
[White "Colilli, Lorenzo"]
[Black "Lacroix, Bruno"]
[Result "0-1"]
[BlackElo "2185"]
[WhiteElo "1757"]

1.e4 c5 2.Nf3 d6 3.d4 cxd4 4.Nxd4 Nf6 5.Nc3 a6 6.Be2 g6 7.O-O Bg7 8.Kh1 O-O 9.
f4 Nc6 10.Be3 Bd7 11.Bf3 Rc8 12.g4 Nxg4 13.Bxg4 Bxg4 14.Qxg4 Nxd4 15.Rf2 f5 16.
Qg2 e6 17.Rd2 e5 18.Nd5 fxe4 19.Qxe4 Nf5 20.fxe5 Bxe5 21.c3 Re8 22.Qf3 Rc4 23.
Rg1 Kh8 24.Bg5 Qc8 25.Re2 Rf8 26.Nb6 Qc6 27.Qxc6 Rxc6 28.Nd7 Rf7 29.Nxe5 dxe5
30.Rxe5 Kg7 31.Re4 Rd7 32.Re2 Kf7 33.Rge1 Rc4 34.Re6 Rg4 0-1

[Event "TIPC 2011"]
[Site "Roux, BEL"]
[Date "2011.07.30"]
[Round "1.12"]
[White "Ponnet, Hendrik"]
[Black "Goffart, Nicolas"]
[Result "1-0"]
[BlackElo "1750"]
[WhiteElo "2159"]

1.e4 c6 2.d4 d5 3.f3 e6 4.Nc3 Bb4 5.a3 Bxc3 6.bxc3 dxe4 7.Qe2 exf3 8.Nxf3 Ne7
9.Qf2 Nd7 10.Bd3 Nf6 11.O-O Qc7 12.Bg5 Nfd5 13.c4 Nb6 14.Ne5 f5 15.Qh4 h6 16.
Bxe7 1-0

[Event "TIPC 2011"]
[Site "Roux, BEL"]
[Date "2011.07.30"]
[Round "1.13"]
[White "Sohet, Cedric"]
[Black "Van Uytven, Eric"]
[Result "0-1"]
[BlackElo "2158"]
[WhiteElo "1750"]

1.e4 e5 2.Bc4 Nf6 3.d4 exd4 4.Nf3 Nxe4 5.Qxd4 Nf6 6.O-O d5 7.Re1 Be7 8.Bd3 O-O
9.Qh4 Re8 10.Bg5 h6 11.Bxh6 gxh6 12.Qxh6 Ne4 13.Nbd2 Bf8 14.Qf4 Qd6 15.Qh4 Qh6
16.Nxe4 Qxh4 17.Nxh4 dxe4 18.Bxe4 Bg7 19.Bh7 Kf8 20.Rxe8 Kxe8 21.Re1 Kf8 22.c3
Na6 23.Re3 Be6 24.Ng6 fxg6 25.Rxe6 Kf7 26.Re3 Rh8 27.Rh3 Bf6 28.Rd3 Rxh7 0-1

[Event "TIPC 2011"]
[Site "Roux, BEL"]
[Date "2011.07.30"]
[Round "1.14"]
[White "Barbier, Wim"]
[Black "Renard, Luc"]
[Result "1-0"]
[BlackElo "1750"]
[WhiteElo "2147"]

1.c4 b6 2.Nc3 Bb7 3.e4 e6 4.Nge2 Ne7 5.g3 g6 6.Bg2 Bg7 7.d3 O-O 8.Be3 f5 9.Qd2
Rf7 10.O-O d5 11.exd5 exd5 12.Nf4 c6 13.Ne6 Qd6 14.Nxg7 d4 15.Bxd4 Qxd4 16.Ne6
Qd7 17.Rfe1 Na6 18.d4 Nc5 19.Ng5 Rg7 20.Qe3 Na6 21.Ne6 Rf7 22.Rad1 Nc8 23.d5 c5
24.h4 Nd6 25.b3 Re8 26.Qf4 Rfe7 27.h5 Nc7 28.hxg6 hxg6 29.Re3 Bc8 30.Qh6 Nxe6
31.dxe6 Qd8 32.Nb5 1-0

[Event "TIPC 2011"]
[Site "Roux, BEL"]
[Date "2011.07.30"]
[Round "1.15"]
[White "Waczecka, Jerome"]
[Black "Schuermans, Robert"]
[Result "0-1"]
[BlackElo "2143"]
[WhiteElo "1743"]

1.d4 Nf6 2.Nf3 e6 3.Bg5 h6 4.Bh4 Be7 5.Nbd2 d5 6.e3 c5 7.c3 O-O 8.Bd3 b6 9.Qe2
Bb7 10.Ne5 Ne4 11.Bxe7 Qxe7 12.Ndf3 a5 13.O-O Ba6 14.c4 cxd4 15.Nxd4 Nc5 16.
cxd5 Nxd3 17.Nxd3 exd5 18.Qd2 Qe4 19.Rfd1 Nd7 20.Nf4 Rfe8 21.a4 Nf6 22.Rac1
Rac8 23.Rxc8 Rxc8 24.Rc1 Qe8 25.b3 g5 26.Nfe2 Ne4 27.Rxc8 Qxc8 28.Qc1 Qc5 29.f3
Nd6 30.Nc3 b5 31.axb5 Bxb5 32.Qd2 Bd7 33.Kf2 Qb4 34.Qd3 Qb7 35.Nde2 Qxb3 36.
Qxd5 Qxd5 37.Nxd5 Kg7 38.Nec3 Nc4 39.Nb1 a4 40.Ndc3 Nb6 41.Na3 Kf6 42.e4 Ke5
43.Ke3 h5 44.g3 Kd6 45.Kd4 f6 46.f4 h4 47.Nc4 Nxc4 48.Kxc4 Bc6 49.Kd4 a3 50.Na2
Be8 51.Nc3 Kc6 52.e5 fxe5 53.fxe5 Bf7 54.Kd3 a2 55.Nxa2 Bxa2 56.Ke3 Be6 57.Kf3
g4 58.Kf4 hxg3 59.hxg3 Kd5 60.Ke3 Kxe5 61.Kf2 Kd4 62.Ke2 Ke4 63.Kf2 Kd3 64.Kg2
Ke2 65.Kg1 Kf3 66.Kh2 Kf2 0-1

[Event "TIPC 2011"]
[Site "Roux, BEL"]
[Date "2011.07.30"]
[Round "1.17"]
[White "Cottenier, Christophe"]
[Black "Morozova, Julia"]
[Result "0-1"]
[BlackElo "2109"]
[WhiteElo "1739"]

1.c4 e6 2.g3 d5 3.Bg2 c5 4.Nf3 Nc6 5.O-O Nf6 6.cxd5 exd5 7.d4 Be7 8.Nc3 O-O 9.
dxc5 Bxc5 10.Bg5 d4 11.Bxf6 Qxf6 12.Ne4 Qe7 13.Nxc5 Qxc5 14.Qa4 Bg4 15.Rac1 Qd6
16.Rfd1 Rad8 17.h3 Bh5 18.g4 Bg6 19.Nh4 Qf6 20.Nxg6 fxg6 21.Rf1 Qe6 22.Qc4 Rfe8
23.Qxe6 Rxe6 24.Rfe1 Kf8 25.Kf1 Ke7 26.Red1 Kf6 27.Rc5 Re5 28.Rxe5 Kxe5 29.Rc1
Rd6 30.Rc5 Ke6 31.Ke1 Ke7 32.Rd5 Rxd5 33.Bxd5 Kd6 34.Bg8 h6 35.f4 g5 36.fxg5
hxg5 37.Kd2 Ne7 38.Bf7 Nd5 39.a3 Ke5 40.Bxd5 Kxd5 41.Kd3 b5 42.b3 a5 43.a4 bxa4
44.bxa4 g6 45.e3 dxe3 46.Kxe3 Kc4 47.Ke4 Kb4 48.Ke5 Kxa4 49.Kf6 Kb5 50.Kxg5 a4
51.Kxg6 a3 52.g5 a2 53.h4 a1=Q 54.h5 Qa6 55.Kh7 Qa7 56.Kh6 Qe3 57.Kg6 Kc6 58.
Kg7 Qe5 59.Kh6 Qh8 60.Kg6 Kd6 61.h6 Qg8 62.Kf6 Qh7 0-1

[Event "TIPC 2011"]
[Site "Roux, BEL"]
[Date "2011.07.30"]
[Round "1.18"]
[White "Uhoda, Philippe"]
[Black "Toth, Charles"]
[Result "1-0"]
[BlackElo "1734"]
[WhiteElo "2100"]

1.d4 Nf6 2.c4 e6 3.Nc3 Bb4 4.g3 Bxc3 5.bxc3 Qe7 6.Bg2 O-O 7.Nf3 Nc6 8.O-O e5 9.
Re1 d6 10.a4 a5 11.e4 h6 12.d5 Nd8 13.c5 dxc5 14.Nd2 g5 15.Nc4 b6 16.f4 Nd7 17.
Qh5 Ba6 18.Ne3 gxf4 19.Nf5 Qf6 20.Nxh6 Kg7 21.Nf5 Kg8 22.gxf4 Re8 23.fxe5 Nxe5
24.Re3 Ng6 25.Rh3 Re5 26.Qh7 Kf8 27.Bh6 Ke8 28.Bg7 Qg5 29.Bxe5 Nxe5 30.Qh8 Kd7
31.Qxe5 Kc8 32.Ne7 Kb7 33.Qxg5 1-0

[Event "TIPC 2011"]
[Site "Roux, BEL"]
[Date "2011.07.30"]
[Round "1.19"]
[White "Noe, Philippe"]
[Black "Remy, Joel"]
[Result "0-1"]
[BlackElo "2089"]
[WhiteElo "1733"]

1.f4 Nf6 2.Nf3 c5 3.e3 Nc6 4.Bb5 Qc7 5.O-O a6 6.Bxc6 Qxc6 7.b3 g6 8.Bb2 Bg7 9.
d3 d5 10.Ne5 Qc7 11.Nd2 Ng4 12.Qf3 O-O 13.Qg3 b5 14.c4 dxc4 15.dxc4 Nxe5 16.
Bxe5 Bxe5 17.fxe5 Be6 18.Qg5 Kg7 19.Rf4 f6 20.exf6 exf6 21.Qg3 Qe5 22.Raf1 Rae8
23.Ne4 f5 24.Ng5 h6 25.Nh3 Bg8 26.e4 Qd4 27.Kh1 Rxe4 28.R4f3 Qe5 29.Nf4 g5 30.
h4 g4 31.Rd3 Kh7 32.Qf2 bxc4 33.Rd7 Rf7 34.Qd2 Rd4 35.Rxd4 Qxd4 36.Qc2 cxb3 37.
axb3 Qf6 38.Nd5 Qxh4 39.Kg1 Qg5 40.Qxc5 Rg7 41.Ra1 Bxd5 42.Qxd5 g3 43.Qd3 Re7
44.Rf1 Rf7 45.Rf3 Qc1 46.Rf1 Qc5 47.Kh1 Qb5 48.Qxg3 Qxf1 0-1

[Event "TIPC 2011"]
[Site "Roux, BEL"]
[Date "2011.07.30"]
[Round "1.20"]
[White "Verspecht, Thierry"]
[Black "Ponnet, Guy"]
[Result "1-0"]
[BlackElo "1729"]
[WhiteElo "2077"]

1.d4 d6 2.e4 Nf6 3.Nc3 g6 4.f3 Bg7 5.Be3 O-O 6.Qd2 c6 7.Bd3 b5 8.g4 a5 9.Nge2
Ba6 10.Ng3 b4 11.Nd1 Bxd3 12.Qxd3 Na6 13.h4 Qc7 14.c4 d5 15.e5 dxc4 16.Qxc4 Nd5
17.Rc1 Nxe3 18.Nxe3 Rfd8 19.f4 Qb6 20.Rd1 Nc7 21.h5 Nd5 22.hxg6 hxg6 23.Ng2 Qb5
24.Qc2 b3 25.axb3 Qb4 26.Kf2 Rab8 27.Rd2 Qxb3 28.Qe4 e6 29.f5 exf5 30.gxf5 Nc3
31.bxc3 Qxc3 32.Rhd1 Bh6 33.Re2 Rb2 34.fxg6 Rf8 35.g7 Rxe2 36.Nxe2 1-0

[Event "TIPC 2011"]
[Site "Roux, BEL"]
[Date "2011.07.30"]
[Round "1.22"]
[White "Werner, Ivan"]
[Black "Onbelet, Steve"]
[Result "1-0"]
[BlackElo "1718"]
[WhiteElo "2068"]

1.e4 c5 2.Nf3 Nc6 3.c3 d5 4.exd5 Qxd5 5.d4 cxd4 6.Nxd4 e5 7.Nb5 Qxd1 8.Kxd1 Kd7
9.Nd2 a6 10.Nc4 Rb8 11.Nb6 Kd8 12.Na3 Bxa3 13.bxa3 Be6 14.Be3 Nf6 15.Kc2 Kc7
16.Bd3 h6 17.Rhe1 Rhe8 18.f3 Nd5 19.Nxd5 Bxd5 20.Re2 Na5 21.Rae1 Bc4 22.Bd4
Bxd3 23.Kxd3 Rbd8 24.Rxe5 Rxe5 25.Rxe5 Nc6 26.Re2 h5 27.a4 Rd7 28.Rb2 g6 29.Kc4
Na5 30.Kd3 Nc6 31.Rd2 Ne5 32.Kc2 Nc4 33.Re2 Kc6 34.Re8 Nd6 35.Re5 Nf5 36.Bf2
Rd5 37.Re4 Rd7 38.g4 hxg4 39.fxg4 Ng7 40.Rc4 Kd5 41.Rd4 Kc6 42.Rxd7 Kxd7 43.h4
Ne6 44.h5 gxh5 45.gxh5 Ng5 46.Kd3 Ke6 47.Be3 Nh7 48.Kc4 Kd6 49.Kd4 Ke6 50.Kc5
Nf6 51.h6 Nd7 52.Kc4 f5 53.h7 Ne5 54.Kc5 Nf7 55.Bd4 Kd7 56.h8=Q Nxh8 57.Bxh8 f4
58.Bd4 Kc8 59.a5 f3 60.Kb6 Kb8 61.Bg1 Ka8 1-0

[Event "TIPC 2011"]
[Site "Roux, BEL"]
[Date "2011.07.30"]
[Round "1.23"]
[White "Buyens, Regis"]
[Black "Ackaert, Thierry"]
[Result "0-1"]
[BlackElo "2061"]
[WhiteElo "1710"]

1.Nf3 b5 2.d4 Bb7 3.e3 a6 4.c4 bxc4 5.Bxc4 e6 6.d5 Nf6 7.dxe6 fxe6 8.O-O Bd6 9.
Nbd2 O-O 10.Qb3 Qc8 11.Ng5 Re8 12.Re1 Nc6 13.Bd3 Ne5 14.Bb1 Rf8 15.f4 Nf7 16.
Nde4 Nxg5 17.Nxd6 Nh3 18.gxh3 cxd6 19.e4 Rb8 20.Qe3 Ba8 21.b3 d5 22.Ba3 Rf7 23.
e5 Nh5 24.Rc1 Qb7 25.Bd6 d4 26.Qd2 Rxf4 27.Qxf4 Qg2 0-1

[Event "TIPC 2011"]
[Site "Roux, BEL"]
[Date "2011.07.30"]
[Round "1.24"]
[White "Callier, Christophe"]
[Black "Lion, Maurice"]
[Result "0-1"]
[BlackElo "1708"]
[WhiteElo "2051"]

1.e4 e6 2.d4 d5 3.Nc3 Nf6 4.Bg5 Be7 5.e5 Nfd7 6.h4 a6 7.Qg4 Bxg5 8.hxg5 c5 9.g6
f5 10.Qg3 h6 11.Nf3 Qb6 12.O-O-O cxd4 13.Nxd4 Nc5 14.f4 Nc6 15.Qe3 Ne7 16.Be2
O-O 17.g4 fxg4 18.Bxg4 Nxg6 19.f5 exf5 20.Nxd5 Qa5 21.Bh5 f4 22.Qe2 Qxa2 23.Nb6
Qa1 24.Kd2 Qa5 25.c3 Qxb6 26.Bxg6 Qxg6 27.Qc4 Ne6 28.Rdg1 Qf7 29.Rxh6 Nxd4 30.
e6 Bxe6 31.Qd3 Nf5 0-1

[Event "TIPC 2011"]
[Site "Roux, BEL"]
[Date "2011.07.30"]
[Round "1.27"]
[White "Nottet, Tristan"]
[Black "Truwant, Pieter"]
[Result "0-1"]
[BlackElo "2021"]
[WhiteElo "1689"]

1.e4 d6 2.d4 Nf6 3.Nc3 g6 4.Bg5 c6 5.f4 b5 6.e5 b4 7.exf6 bxc3 8.fxe7 Bxe7 9.
Bxe7 Qxe7 10.Qe2 Qxe2 11.Bxe2 cxb2 12.Rb1 O-O 13.Bf3 Re8 14.Ne2 Ba6 15.Rxb2 d5
16.c3 Nd7 17.O-O Nb6 18.Rc1 Nc4 19.Rb4 Nd2 0-1

[Event "TIPC 2011"]
[Site "Roux, BEL"]
[Date "2011.07.30"]
[Round "1.28"]
[White "Minet, Julien"]
[Black "Demat, Olivier"]
[Result "1/2-1/2"]
[BlackElo "1681"]
[WhiteElo "2012"]

1.e4 c5 2.c3 Nf6 3.e5 Nd5 4.Nf3 e6 5.d4 cxd4 6.cxd4 Nc6 7.Be2 d6 8.O-O dxe5 9.
dxe5 Be7 10.Qa4 Bd7 11.Qg4 g6 12.Nc3 Nxc3 13.bxc3 Qa5 14.Qe4 O-O 15.Rd1 Qc7 16.
Be3 Rfd8 17.h4 Bf8 18.Bg5 Ne7 19.h5 Bc6 20.Qc4 Rxd1 21.Rxd1 Nd5 22.hxg6 hxg6
23.Bf6 Bg7 24.Qd4 Bxf6 25.exf6 Qf4 26.Qxf4 1/2-1/2

[Event "TIPC 2011"]
[Site "Roux, BEL"]
[Date "2011.07.30"]
[Round "1.30"]
[White "George, Michael"]
[Black "Dejasse, Daniel"]
[Result "1-0"]
[BlackElo "1667"]
[WhiteElo "2009"]

1.d4 d5 2.Nf3 Nf6 3.c4 dxc4 4.Nc3 c6 5.a4 Nd5 6.Bd2 Nxc3 7.Bxc3 e6 8.a5 b5 9.
axb6 Qxb6 10.Ne5 Qb3 11.e3 Bb4 12.Qxb3 1-0

[Event "TIPC 2011"]
[Site "Roux, BEL"]
[Date "2011.07.31"]
[Round "2.1"]
[White "Vandevoort, Pascal"]
[Black "Marlier, Gaetan"]
[Result "1-0"]
[BlackElo "1954"]
[WhiteElo "2409"]

1.Nf3 d6 2.g3 g6 3.Bg2 Bg7 4.O-O e5 5.d4 Nd7 6.e4 Ne7 7.Nc3 O-O 8.Be3 c6 9.a4
b6 10.Qd2 Qc7 11.Rfd1 a6 12.Bh6 exd4 13.Bxg7 Kxg7 14.Qxd4 Ne5 15.Qxd6 Nxf3 16.
Bxf3 Ra7 17.e5 Be6 18.a5 b5 19.Qc5 Raa8 20.Ne2 Rac8 21.Nf4 Rfd8 22.Rd6 Bd7 23.
e6 Bxe6 24.Rxe6 1-0

[Event "TIPC 2011"]
[Site "Roux, BEL"]
[Date "2011.07.31"]
[Round "2.2"]
[White "Willockx, Ritsaart"]
[Black "Laurent, Bruno"]
[Result "0-1"]
[BlackElo "2365"]
[WhiteElo "1961"]

1.d4 Nf6 2.c4 g6 3.Nc3 Bg7 4.e4 d6 5.f3 O-O 6.Be3 c6 7.Qd2 a6 8.Bd3 b5 9.d5
bxc4 10.Bxc4 Bb7 11.Nge2 Nbd7 12.Na4 Rc8 13.Rc1 cxd5 14.Bxd5 Rxc1 15.Nxc1 Nxd5
16.exd5 Qa8 17.O-O Bxd5 18.Bg5 Re8 19.Re1 Bc6 20.Nc3 Ne5 21.Nd3 Nc4 22.Qf2 Qb7
23.Qh4 Nxb2 24.Nxb2 Qxb2 25.Nd1 Qd4 26.Qxd4 Bxd4 27.Nf2 f6 28.Bf4 Rb8 0-1

[Event "TIPC 2011"]
[Site "Roux, BEL"]
[Date "2011.07.31"]
[Round "2.3"]
[White "Rooze, Jan"]
[Black "Winants, Henri"]
[Result "1-0"]
[BlackElo "1946"]
[WhiteElo "2363"]

1.c4 Nf6 2.g3 g6 3.Bg2 Bg7 4.Nc3 O-O 5.e4 d6 6.Nge2 c5 7.O-O Nc6 8.d3 Bg4 9.h3
Bd7 10.Be3 Rc8 11.Qd2 Ne8 12.f4 Nc7 13.f5 Nd4 14.Bh6 Nxe2 15.Nxe2 f6 16.Be3 e5
17.b4 b6 18.b5 gxf5 19.exf5 d5 20.g4 dxc4 21.dxc4 Be8 22.Qc2 Bf7 23.Ng3 Qe7 24.
Ne4 Rfd8 25.g5 Ne8 26.Rac1 Rd7 27.Qe2 Rcd8 28.Qg4 Kh8 29.Kh2 Qf8 30.Rf3 Rd3 31.
Rg3 fxg5 32.Qxg5 Rxe3 33.Qxe3 Bh6 34.Ng5 Nd6 35.Qxe5 Bg7 36.f6 Bh6 37.Bd5 Bxd5
38.cxd5 Nf7 39.Nxf7 Qxf7 40.Rcg1 Rf8 41.Rg7 Qe8 42.Qxe8 Rxe8 43.f7 Re2 44.R7g2
Rxg2 45.Rxg2 1-0

[Event "TIPC 2011"]
[Site "Roux, BEL"]
[Date "2011.07.31"]
[Round "2.4"]
[White "Bruno, Ricardo"]
[Black "Le Quang, Kim"]
[Result "1/2-1/2"]
[BlackElo "2319"]
[WhiteElo "1954"]

1.d4 Nf6 2.Nf3 g6 3.Nc3 Bg7 4.e4 d6 5.Be3 a6 6.Qd2 b5 7.a3 Bb7 8.Bd3 Nbd7 9.Bh6
Bxh6 10.Qxh6 e5 11.dxe5 dxe5 12.O-O Qe7 13.Rfe1 c6 14.a4 Qf8 15.Qg5 h6 16.Qd2
Qg7 17.axb5 cxb5 18.Nxb5 axb5 19.Rxa8 Bxa8 20.Bxb5 O-O 21.Bxd7 1/2-1/2

[Event "TIPC 2011"]
[Site "Roux, BEL"]
[Date "2011.07.31"]
[Round "2.5"]
[White "Maes, Wim"]
[Black "Hulet, Gerard"]
[Result "1-0"]
[BlackElo "1914"]
[WhiteElo "2245"]

1.e4 d6 2.d4 Nf6 3.Nc3 g6 4.Be3 Bg7 5.f3 c6 6.Qd2 Qa5 7.Nge2 Nbd7 8.g4 Nb6 9.
Nc1 Nbd7 10.h4 h5 11.g5 Ng8 12.Bg2 Qc7 13.O-O Nb6 14.b3 Bd7 15.Nd3 e6 16.a4 Ne7
17.Rad1 O-O 18.Ne2 Rad8 19.Qe1 Nbc8 20.Qg3 Be8 21.Kh1 b6 22.Bh3 Qb7 23.Bg2 c5
24.dxc5 dxc5 25.Nxc5 1-0

[Event "TIPC 2011"]
[Site "Roux, BEL"]
[Date "2011.07.31"]
[Round "2.6"]
[White "Timmermans, Daniel"]
[Black "Van Mechelen, Jan"]
[Result "0-1"]
[BlackElo "2242"]
[WhiteElo "1943"]

1.d4 Nf6 2.c4 g6 3.Nc3 Bg7 4.e4 d6 5.f4 O-O 6.Nf3 c5 7.d5 e6 8.Be2 exd5 9.cxd5
Bg4 10.O-O Nbd7 11.a4 Re8 12.h3 Bxf3 13.Bxf3 a6 14.Qc2 Rc8 15.g4 h6 16.h4 c4
17.g5 hxg5 18.hxg5 Nh7 19.Be3 Nc5 20.Qg2 Nf8 21.f5 gxf5 22.Bxc5 Rxc5 23.exf5
Bd4 24.Kh1 Nh7 25.Ne4 Rxe4 26.Bxe4 Qxg5 27.Qh2 Qf6 28.Rg1 Bxg1 29.Rxg1 Kh8 30.
Rg4 c3 31.bxc3 Rxc3 32.Rg1 Rc4 33.Qf4 Rxa4 34.Rg4 0-1

[Event "TIPC 2011"]
[Site "Roux, BEL"]
[Date "2011.07.31"]
[Round "2.7"]
[White "Cools, Gorik"]
[Black "Burnay, Gerard"]
[Result "1-0"]
[BlackElo "1904"]
[WhiteElo "2230"]

1.e4 c5 2.Nf3 Nc6 3.d4 cxd4 4.Nxd4 Nf6 5.Nc3 e5 6.Ndb5 d6 7.Bg5 a6 8.Na3 b5 9.
Bxf6 gxf6 10.Nd5 f5 11.exf5 Bxf5 12.c3 Bg7 13.Nc2 O-O 14.Nce3 Be6 15.g3 Rb8 16.
Bg2 f5 17.Qh5 Ne7 18.O-O Nxd5 19.Nxd5 Kh8 20.Rfd1 Qd7 21.Rd2 e4 22.Rad1 Be5 23.
a3 Rf7 24.Qh6 Rg8 25.Qe3 Rb8 26.Kh1 Rbf8 27.Nf4 Bb3 28.Rc1 Qc6 29.c4 Bxc4 30.b3
d5 31.Nxd5 Qxd5 32.Rxd5 Bxd5 33.f4 Bg7 34.h3 Bb7 35.Rd1 Rc8 36.Kh2 h6 37.Qb6
Bf6 38.Qe6 Kg7 39.Rd7 Rcf8 40.Qxf5 Rxd7 41.Qxd7 Rf7 42.Qg4 Kf8 43.Qg6 Bg7 44.
Bxe4 Rf6 45.Qh7 Bc8 46.Bd5 Be6 47.Bxe6 Rxe6 48.Qf5 Ke7 49.h4 Re2 50.Kh3 1-0

[Event "TIPC 2011"]
[Site "Roux, BEL"]
[Date "2011.07.31"]
[Round "2.8"]
[White "Leghbali, Sophiane"]
[Black "Sclacmender, Julien"]
[Result "0-1"]
[BlackElo "2221"]
[WhiteElo "1908"]

1.e4 d5 2.exd5 Nf6 3.Nc3 Nxd5 4.Nxd5 Qxd5 5.d4 Nc6 6.Be3 Bf5 7.c3 O-O-O 8.Qb3
Qd6 9.Qxf7 Bg6 10.Qf4 e5 11.dxe5 Nxe5 12.Qd4 Qxd4 13.Bxd4 Nc6 14.Be3 Bd6 15.Nf3
Rhf8 16.O-O-O Bh5 17.Be2 Rde8 18.Nd4 Bxe2 19.Nxe2 a6 20.h3 Ne7 21.Nd4 Nd5 22.
Rhe1 Nxe3 23.fxe3 Re4 24.Kd2 Rfe8 25.Kd3 c5 26.Nc2 Bg3 27.Rf1 R8e7 28.Rf8 Kc7
29.Rdf1 R4e6 30.R8f7 Bh4 31.R1f5 Kc6 32.Rxe7 Bxe7 33.c4 Bf6 34.b3 Rd6 35.Ke2
Bc3 36.Rf2 Rd2 37.Kf3 Rd1 38.Re2 Kd6 39.e4 Ke5 40.Kg4 Bd4 41.Ne1 h6 42.Nf3 Ke6
43.e5 a5 44.Kf4 Bc3 45.h4 Rh1 46.g4 g6 47.Ke4 Rd1 48.Re3 Bb2 49.h5 gxh5 50.g5
Bc1 51.Rd3 Rxd3 52.Kxd3 hxg5 53.Ke4 Bf4 54.a3 h4 55.b4 h3 56.bxc5 h2 0-1

[Event "TIPC 2011"]
[Site "Roux, BEL"]
[Date "2011.07.31"]
[Round "2.10"]
[White "Gorts, Sven"]
[Black "Henris, Luc"]
[Result "0-1"]
[BlackElo "2189"]
[WhiteElo "1902"]

1.e4 c5 2.Nf3 d6 3.d4 cxd4 4.Nxd4 Nf6 5.Nc3 g6 6.Be3 Bg7 7.Qd2 O-O 8.f3 Nc6 9.
O-O-O Bd7 10.Bc4 Rb8 11.h4 b5 12.Bb3 Ne5 13.Bh6 Nc4 14.Qg5 Bxh6 15.Qxh6 e5 16.
Ndxb5 Bxb5 17.Nxb5 Nxb2 18.Kxb2 Rxb5 19.g4 Qc7 20.h5 Rc8 21.hxg6 Qxc2 22.Ka1
Qc3 0-1

[Event "TIPC 2011"]
[Site "Roux, BEL"]
[Date "2011.07.31"]
[Round "2.11"]
[White "Lacroix, Bruno"]
[Black "Wautelet, Patrick"]
[Result "1-0"]
[BlackElo "1873"]
[WhiteElo "2185"]

1.e4 e6 2.d3 d5 3.Qe2 dxe4 4.dxe4 e5 5.Nf3 Nc6 6.c3 Nf6 7.Qc2 Bc5 8.b4 Bb6 9.
Bb5 Bd7 10.a4 a5 11.bxa5 Bxa5 12.Ba3 Nd4 13.Nxd4 exd4 14.O-O c6 15.Bd3 dxc3 16.
Nxc3 Qc7 17.e5 Bxc3 18.Qxc3 Nd5 19.Qd4 Be6 20.Bd6 Qd7 21.Rfd1 Ne7 22.Qh4 Bd5
23.Rab1 Nc8 24.Ba3 Qc7 25.Bc2 h5 26.Qg5 g6 27.e6 Bxe6 28.Rxb7 f6 29.Qxg6 1-0

[Event "TIPC 2011"]
[Site "Roux, BEL"]
[Date "2011.07.31"]
[Round "2.12"]
[White "Grillmaier, Philippe"]
[Black "Ponnet, Hendrik"]
[Result "0-1"]
[BlackElo "2159"]
[WhiteElo "1896"]

1.d4 d6 2.f4 Nd7 3.Nf3 c6 4.e3 Ngf6 5.Bd3 e5 6.dxe5 dxe5 7.fxe5 Nxe5 8.Nxe5 Qa5
9.Nd2 Qxe5 10.Nf3 Qc7 11.Bd2 Bg4 12.Qe2 O-O-O 13.O-O-O Bc5 14.b4 Bd6 15.e4 Rhe8
16.Rde1 Nd5 17.a3 a5 18.Qf2 Nf4 19.e5 Nxd3 20.cxd3 Bf8 21.d4 axb4 22.axb4 Bxf3
23.gxf3 Qb6 24.Re4 Bxb4 25.Kc2 Bxd2 26.Qxd2 f5 27.Rb1 Qa7 28.Rh4 Rxe5 0-1

[Event "TIPC 2011"]
[Site "Roux, BEL"]
[Date "2011.07.31"]
[Round "2.13"]
[White "Van Uytven, Eric"]
[Black "Ancion, Merowig"]
[Result "1-0"]
[BlackElo "1864"]
[WhiteElo "2158"]

1.Nf3 f5 2.d3 Nf6 3.e4 d6 4.exf5 Bxf5 5.d4 Nc6 6.Bd3 Bxd3 7.Qxd3 e5 8.O-O e4 9.
Qe3 d5 10.Ne5 Nxe5 11.dxe5 Nd7 12.c4 c6 13.cxd5 cxd5 14.Nc3 Bc5 15.Qg3 Bd4 16.
Qxg7 Bxe5 17.Qh6 Nf6 18.Bg5 Bxc3 19.bxc3 Rf8 20.Rad1 Qb6 21.Bxf6 Qxf6 22.Qh5
Qf7 23.Qe5 Qe7 24.Rxd5 Rc8 25.Qh5 Qf7 26.Re5 Kd8 27.Qh4 Qf6 28.Qxe4 1-0